| 000 | 00480nam a2200157 a 4500 | ||
|---|---|---|---|
| 001 | 2846 | ||
| 003 | CDMR | ||
| 005 | 20131011172418.0 | ||
| 008 | 130130s1921||||||||||||||||||||||||||||d | ||
| 040 |
_aCDMR _bcat _cCDMR |
||
| 110 | 2 |
_aFederación de Publicistas y Prensa No Diaria _92096 |
|
| 245 | 1 | 0 |
_aMemoria del año 1921 _cFederación de Publicistas y Prensa No Diaria |
| 260 |
_aMadrid _c1921 _bFederación de Publicistas y Prensa No Diaria |
||
| 300 | _a51 p. | ||
| 942 |
_cFULLET _2udc |
||
| 999 |
_c2846 _d2846 |
||